000 00406nam a22001697a 4500
003 MPLRDC
005 20220104123630.0
008 210129b ||||| |||| 00| 0 eng d
082 _a857.63 CXC-2
100 _a陈新川
245 _a十里荷花
_c
260 _a
_b泉源出版社
_c1991
300 _b
490 _a有情书系. 2
650 _a短篇小说--别集
942 _cBK
_o857.63 CXC-2
999 _c12949
_d12939